Inorganic energetics : an introduction /

Bibliographic Details
Main Author: Dasent, W. E.
Format: Book
Language:English
Published: Cambridge [Cambridgeshire] ; New York : Cambridge University Press, 1982.
Edition:2nd ed.
Series:Cambridge texts in chemistry and biochemistry.
Subjects:

MARC

Tag First Indicator Second Indicator Subfields
LEADER 00000pam a2200000 a 4500
001 in00000099218
005 20150924160043.0
008 811014s1982 enka b 00110 eng
010 |a  81017958  
020 |a 0521240271 
020 |a 0521284066 (pbk.) 
035 |a (OCoLC)07923371 
035 |9 AAL0093AM 
040 |a DLC  |c DLC  |d TXA  |d UtOrBLW 
049 |a TXAM  |c [985885] 
050 0 0 |a QD504  |b .D37 1982 
082 0 |a 541.3/69  |2 19 
100 1 |a Dasent, W. E. 
245 1 0 |a Inorganic energetics :  |b an introduction /  |c W.E. Dasent. 
250 |a 2nd ed. 
264 1 |a Cambridge [Cambridgeshire] ;  |a New York :  |b Cambridge University Press,  |c 1982. 
300 |a xii, 185 pages :  |b illustrations ;  |c 24 cm. 
336 |a text  |b txt  |2 rdacontent 
337 |a unmediated  |b n  |2 rdamedia 
338 |a volume  |b nc  |2 rdacarrier 
490 1 |a Cambridge texts in chemistry and biochemistry 
500 |a Includes index. 
504 |a Bibliography: pages [178]-179. 
650 0 |a Thermodynamics. 
650 0 |a Chemistry, Inorganic. 
830 0 |a Cambridge texts in chemistry and biochemistry. 
999 |a MARS 
999 f f |s 66b34e75-2312-39f5-8c1e-b625c2b3bff5  |i 9d2f70b6-bfd0-37a9-bed6-baa5c35bd122  |t 0 
952 f f |p ric  |a Texas A&M University  |b Rellis Campus  |c Joint Library Facility  |s JLF  |d Remote Storage  |t 0  |e QD504 .D37 1982  |h Library of Congress classification  |i unmediated -- volume  |m A14806294793 
998 f f |a QD504 .D37 1982  |t 0  |l Remote Storage